Pós-Colonialismo, identidade e mestiçagem cultural (Record no. 62453)

MARC details
000 -LÍDER
campo de controle de tamanho fixo 00422 a2200157 4500
001 - NÚMERO DE CONTROLE
campo de controle 62453
020 ## - ISBN - INTERNATIONAL STANDARD BOOK NUMBER
ISBN - International Standard Book Number 8573161582
040 ## - FONTE DA CATALOGAÇÃO
Instituição que transcreveu o registro Anchieta - Pituba
100 ## - ENTRADA PRINCIPAL--NOME PESSOAL
Nome pessoal Reis, Eliana Lourenço De Lima
240 10 - TÍTULO UNIFORME
Título uniforme Pós-Colonialismo, identidade e mestiçagem cultural
Idioma da obra por
245 10 - TÍTULO
Título Pós-Colonialismo, identidade e mestiçagem cultural
300 ## - DESCRIÇÃO FÍSICA
Extensão 305
362 0# - DATAS DE PUBLICAÇÃO E/OU DESIGNAÇÃO SEQUENCIAL
Datas de publicação e/ou designação sequencial 1999
650 #4 - ASSUNTO--TERMO TÓPICO
Cabeçalho tópico ou nome geográfico Literaturas africanas
942 ## - ELEMENTOS DE ENTRADA ADICIONADOS (KOHA)
Tipo de material Koha Livros
Holdings
Situação do descarte Situação das perdas Situação física Não pode ser emprestado Biblioteca de origem Biblioteca atual Data de aquisição Total de empréstimos Número de chamada completo Código de barras Data de último acesso Data do preço efetivo Tipo de material Koha
        Colégio Anchieta - Pituba Colégio Anchieta - Pituba 21/11/2023   896 R375p REI POS 15376/PIT 21/11/2023 21/11/2023 Livros